Half the world (Record no. 613936)

MARC details
000 -LEADER
fixed length control field 00618nam a2200229Ia 4500
003 - CONTROL NUMBER IDENTIFIER
control field OSt
005 - DATE AND TIME OF LATEST TRANSACTION
control field 20220926005451.0
008 - FIXED-LENGTH DATA ELEMENTS--GENERAL INFORMATION
fixed length control field 220923b |||||||| |||| 00| 0 eng d
037 ## - SOURCE OF ACQUISITION
Terms of availability General Book
040 ## - CATALOGING SOURCE
Original cataloging agency RTL
Transcribing agency RTL
Language of cataloging eng
041 ## - LANGUAGE CODE
Source of code eng
Language code of text/sound track or separate title eng
100 ## - MAIN ENTRY--PERSONAL NAME
Personal name Gandhi Indira
9 (RLIN) 45655
245 #0 - TITLE STATEMENT
Title Half the world
Remainder of title Thoughts of Indira Gandhi on women
260 ## - PUBLICATION, DISTRIBUTION, ETC.
Place of publication, distribution, etc. New Delhi
Name of publisher, distributor, etc. Statesman Press
Date of publication, distribution, etc. 1976
300 ## - PHYSICAL DESCRIPTION
Extent 38p
Dimensions cm.
650 ## - SUBJECT ADDED ENTRY--TOPICAL TERM
Topical term or geographic name entry element Youth
942 ## - ADDED ENTRY ELEMENTS (KOHA)
Classification part Y12, L6
Koha item type General Books
Source of classification or shelving scheme Colon Classification (CC)
Holdings
Withdrawn status Lost status Damaged status Not for loan Home library Current library Date acquired Total Checkouts Full call number Barcode Date last seen Price effective from Koha item type
        Ratan Tata Library Ratan Tata Library 2022-09-26   Y12 L6 RT0493223 2022-09-26 2022-09-26 General Books
Copyright @ Delhi University Library System